000 007200000a22002290004500
003 LK-CoMWRAF
005 20231218155913.0
008 230817t1996 ||||| |||| 00| 0 eng d
020 _a9556070168
040 _aLK-CoMWRAF
_dLK-CoMWRAF
_eLK-CoMWRAF
041 _aeng
082 _a362.883
_bSEX
245 _aSexual harassment:
_bsharing of experiences and strategies
260 _aColombo:
_bFedrich Ebert Stiftung,
_c1996
300 _a68 p.; 30cm
_bBibliography included
650 _aSex discrimination against women- Sri Lanka
650 _aSex discrimination in employment
650 _aSexual harassment of women
700 _aBartoldus, Beate
_eed.
700 _aThiruppathy, Antoinette
_eed.
942 _cBK
999 _c2579
_d2579